| 000 | 00892nam a2200205Ii 4500 | ||
|---|---|---|---|
| 003 | JO-AjNU | ||
| 008 | 230605s9999||||xx |||||||||||||| ||und|| | ||
| 017 | _a2004/6/1460 | ||
| 040 |
_aJO-AjNU _bara _erda _cJO-AjNU |
||
| 041 | _aara | ||
| 050 | 1 | 4 | _aHF 5686 .C7. H363 2005 |
| 100 | 3 |
_aحمادة، رشا ؛ مدقق لغوي: ماجد ابو ماضي, _eauthor _933538 |
|
| 245 | 0 | 0 | _aالمحاسبة المالية في شركات الأشخاص : بين النظرية والتطبيق |
| 264 | 3 | 1 | _aعمان: جامعة فيلادلفيا، 2005 |
| 300 |
_a457ص _bيحتوي على المصطلحات باللغة الانجليزية وببلوغرافية من ص447-457ص |
||
| 336 |
_atext _btxt _2rdacontent |
||
| 337 |
_aunmediated _bn _2rdamedia |
||
| 338 |
_avolume _bnc _2rdacarrier |
||
| 650 | 4 |
_aالمحاسبة المالية - الشركات المساهمة _933539 |
|
| 999 |
_aA13662 _c17230 _d17230 |
||